What's in a Restaurant's Name? Quiz Stats

 Plays Quiz Updated Nov 2, 2018

Score 0/20 Timer 04:00
2 Plays Today
% Correct
Panda
93.7%
Uno
93.7%
Subway
93.7%
Firehouse
93%
Captain
92.8%
Jersey
92.6%
Dairy
92%
Long
91.8%
Checkers
91.8%
Dominos
91.1%
% Correct
Sonic
90.5%
Shake
89.2%
Chuck
88.2%
Bell
88%
Rockets
87.8%
Jack
83.8%
Castle
83.8%
Chilis
83%
Chipotle
79.9%
Jimmy
78.2%

You're not logged in!

Compare scores with friends on all Sporcle quizzes.
OR
Log In

Sporcle TV

Today on Sporcle TV


Watch our educational content, quiz creation guides, and fun videos on Sporcle TV.

Show Comments

Extras

Top Quizzes Today


Score Distribution

Your Account Isn't Verified!

In order to create a playlist on Sporcle, you need to verify the email address you used during registration. Go to your Sporcle Settings to finish the process.

Report this User

Report this user for behavior that violates our Community Guidelines.

Details: